It looks like you're offline.
Open Library logo
additional options menu

MARC record from Internet Archive

LEADER: 03327cam 2200817Ma 4500
001 ocn973687774
003 OCoLC
005 20200828021329.0
008 100614s2010 enk d 000 f eng d
040 $aNZAUC$beng$cNZAUC$dOCLCO$dNZUPM$dUKM$dMNU$dSINLB$dYDXCP$dCNSOA$dATIGN$dATMAZ$dOCLCF$dNTASP$dOCLCQ$dOCLCO$dOCLCA$dOCLCQ$dOCL$dNZ1$dUKMGB$dNZBAL$dNZAUC$dOCLCO$dOCLCA$dAUHCL$dZAQ
015 $aGBB080820$2bnb
016 7 $a015594463$2Uk
019 $a646395835
020 $a0230755844
020 $a0330511998
020 $a9780230755840$q(hbk.))
020 $a9780330511995$q(pbk.))
035 $a(OCoLC)973687774$z(OCoLC)646395835
043 $an-us---
050 00 $aPZ7.L231$bRe 2010
082 04 $a823.92$222
100 1 $aLane, Andrew,$d1963-
245 10 $aRed Leech /$cAndrew Lane.
260 $aLondon :$bMacmillan Children's,$c2010.
300 $a338 pages ;$c20 cm.
336 $atext$btxt$2rdacontent
337 $aunmediated$bn$2rdamedia
338 $avolume$bnc$2rdacarrier
490 1 $aYoung Sherlock Holmes$v2
520 $a"Sherlock knows that Amyus Crow, his mysterious American tutor, has some dark secrets. But he didn't expect to find a notorious killer, hanged by the US government, apparently alive and well in Surrey - and Crow somehow mixed up in it. When no one will tell you the truth, sometimes you have to risk all to discover it for yourself. And so begins an adventure that will take Sherlock across the ocean to America, to the centre of a deadly web - where life and death are cheap, and truth has a price no sane person would pay ..."--Publisher description.
600 10 $aHolmes, Sherlock$vTeen fiction.
651 0 $aUnited States$xHistory$y1865-1898$vTeen fiction.
600 11 $aHolmes, Sherlock$vFiction.
650 1 $aMystery and detective stories.
650 4 $aDetective and mystery stories.
650 4 $aHolmes, Sherlock (Fictitious character) - Fiction.
600 17 $aHolmes, Sherlock.$2fast$0(OCoLC)fst01906994
651 7 $aUnited States.$2fast$0(OCoLC)fst01204155
648 7 $a1865-1898$2fast
655 0 $aYoung adult fiction.
655 4 $aTeenage mystery fiction.
655 4 $aTeen fiction.$5NZ-WeK
655 4 $aChildren's fiction.$5NZ-WeK
655 7 $aDetective and mystery fiction.$2fast$0(OCoLC)fst01726581
655 7 $aFiction.$2fast$0(OCoLC)fst01423787
655 7 $aHistory.$2fast$0(OCoLC)fst01411628
655 7 $aYoung adult works.$2fast$0(OCoLC)fst01726790
655 7 $aDetective and mystery fiction.$2lcgft
800 1 $aLane, Andy.$tYoung Sherlock Holmes ;$v2.
938 $aYBP Library Services$bYANK$n3724820
029 1 $aAU@$b000046407859
029 1 $aCBK$b122068300
029 1 $aNLNZL$b9914191813502836
029 1 $aNOK$b0330511998
029 1 $aNZ1$b13471455
029 1 $aNZ1$b1419181
029 1 $aUKBCI$b122068300
029 1 $aUKBNS$b122068300
029 1 $aUKBOR$b122068300
029 1 $aUKDEL$b122068300
029 1 $aUKDON$b0330511998
029 1 $aUKDOR$b122068300
029 1 $aUKPMH$b0330511998
029 1 $aUKPMH$b122068300
029 1 $aUKSCO$b122068300
029 1 $aUKSOM$b122068300
029 1 $aUKTLS$b122068300
029 1 $aUNITY$b122068300
029 1 $aUKMGB$b015594463
994 $aZ0$bP4A
948 $hNO HOLDINGS IN P4A - 197 OTHER HOLDINGS